01180nam a2200265 a 4500001001300000003000900013005001700022008004100039020001100080082001600091100001600107245007900123260002900202300000800231500003500239505001000274505025300284650002100537902000800558942000700566952010800573952010800681952010800789999001700897nice12345678IN_TiNIC20260116013949.0050524s1995 dela grp 000 0 eng  ac750000a294.38bRAG aRaghu, Vira aGilgit Buddhism Manuscripts Revised and Enlarged Compact Facsimile Edition aDelhibSri Satguruc1995 a00p aincludes index and biblioraphy2 aIndex2 aIndex00gV1.tGilgit Buddhism Manuscripts Revised and Enlarged Compact Facsimile Edition.--gV2.tGilgit Buddhism Manuscripts Revised and Enlarged Compact Facsimile Edition.--gV3.tGilgit Buddhism Manuscripts Revised and Enlarged Compact Facsimile aBuddhism-Sources bRHR cBK 001040708REFaHMIbHMIcREFd2018-08-31g7500.00l0o294.38 RAGp019154r0000-00-00w2026-01-16yBK 001040708REFaHMIbHMIcREFd2018-08-31g7500.00l0o294.38 RAGp019155r0000-00-00w2026-01-16yBK 001040708REFaHMIbHMIcREFd2018-08-31g7500.00l0o294.38 RAGp019156r0000-00-00w2026-01-16yBK c13287d13287